000 00574nam a2200145Ia 4500
008 220216s9999 xx 000 0 und d
100 _aNarayanan C
245 0 _aVariation, heritability and genetic correlation of growth and wood traits in para rubber tree (Hevea brasiliensis) and implications for breeding
260 _bInternational Rubber Conference, 4-6 September 2018, THe Plastics and Rubber Institute, Kuala Lumpur, Malaysia.
650 _aGenetic improvement
650 _aPaper and timber traits
650 _aRubber tree
700 _aMydin K.K
942 _cBS
999 _c49252
_d49252